Nennen Sie die 12 Kantone Luxemburgs - Statistiken

Allgemein
  • Dieses Quiz wurde 91 mal gespielt
  • Das Durchschnittsergebnis liegt bei 6 aus 12
Antwortstatistiken
Antwort % Korrekt
Luxemburg
94%
Vianden
72%
Grevenmacher
64%
Diekirch
60%
Echternach
57%
Mersch
55%
Wiltz
47%
Capellen
45%
Clerf
45%
Remich
43%
Redingen
36%
Esch an der Alzette
32%
Keine übereinstimmenden Quizze gefunden
Verteilung der Resultate
Anzahl Personen mit jedem Resultat
Perzentil nach korrekt beantworteten Fragen
Ihre Resultats-Entwicklung
Sie haben dieses Quiz noch nicht gespielt